| Поле | Название | Значение |
| |
Тип записи |
c |
| |
Библиографический уровень |
m |
| 001 |
Контрольный номер |
UONB/NOTY/ddb0a56f3e3a40539164c33d8c3d1f5b |
| 005 |
Дата корректировки |
20251120093230.4 |
| 010 |
Индекс ISBN |
__ |
| 9 |
Тираж |
10000 экз. |
| 013 |
Номер (ISMN) |
__ |
| d |
Цена |
78 к. |
| 071 |
Издательские номер (звукозапись и ноты) |
21 |
| a |
Номер, присвоенный агентством |
1842 |
| 100 |
Данные общей обработки |
__ |
| a |
Данные общей обработки |
20220712 1975 u##y0rusy0189 ca |
| 101 |
Язык документа |
0_ |
| a |
Язык текста |
rus |
| f |
Язык титульного листа |
rus |
| 102 |
Страна публикации |
__ |
| a |
Страна публикации |
RU |
| 125 |
Кодированные данные звукозаписи и нотных изданий |
__ |
| a |
Форма изложения нотного текста |
m |
| 128 |
Кодированные данные (звукозаписи-физические характеристики) |
__ |
| a |
Кодированные данные: Музыкальная форма и тональность или лад |
cр |
| b |
Инструменты или голоса, необходимые для ансамблей (устаревшее) |
cu |
| c |
Инструменты или голоса, рекомендуемые для солистов (устаревшее) |
vu |
| 200 |
Заглавие и сведения об ответственности |
1_ |
| a |
Заглавие |
Вып. 1 |
| f |
Первые сведения об ответственности |
сост. В. Модель |
| 203 |
Вид содержания и тип средства |
__ |
| a |
Вид содержания |
Музыка |
| b |
Характеристика содержания |
знаковая |
| c |
Тип средства |
непосредственная |
| 210 |
Выходные данные |
1_ |
| d |
Дата издания |
1975 |
| 215 |
Физическое описание |
__ |
| a |
Объем |
64 с. включ. обл. |
| 327 |
Примечание о содержании |
01 |
| a |
Примечание о содержании |
Содерж. : ЖЕНСКИЕ ВОКАЛЬНЫЕ АНСАМБЛИ : Дубравин Я. Песня студентов Института культуры / сл. Д. Генкина. - Колкер А. Моя Россия / сл. К. Рыжова. - Афанасьев Л. Гляжу а озера синие / сл. И. Шаферана. - Петров А. Вальс из кинофильма "Берегись автомобиля". - Шамо И. Три совета / сл. Ю. Рыбчинского. - Вальдес Х. Оггере : кубинская колыбельная / сл. Р. Бернса, пер. С. Маршака. - Котляревский Р. Три смелых зверолова : шуточная песня / сл. С. Маршака. - Вологодские частушки / обраб. С. Грибкова. - МУЖСКИЕ ВОКАЛЬНЫЕ АНСАМБЛИ : Успенский В., Гарина Л. Снега России : песня из кф. "Миссия в Кабуле" / сл. Н. Олева. - Пахмутова А. Герои спорта / сл. Н. Добронравова. - Дунаевский И. Под луной золотой / сл. С. Алымова. - Помню : из цыг. напевов. - Дворжак А. Вокализ. - СМЕШАННЫЕ ВОКАЛЬНЫЕ АНСАМБЛИ : Таривердиев М. Песня о далекой родине : из тф. "Семнадцать мгновений весны"» / сл. Р. Рождественского. - Гамалия В. Синева / сл. Р. Рождественского. - Шаинский В. Дрозды / сл. С. Острового. - Зацепин А. Есть только миг : песня из кф. "Земля Санникова" / сл. Л. Дербенева. - Час да по часу : рус. нар. песня / обраб. В. Ильина. |
| 461 |
Уровень набора |
_0 |
| 1 |
|
2001 |
| a |
|
Поет самодеятельный вокальный ансамбль |
| b |
|
Ноты |
| e |
|
в сопровожд. фп. и без сопровожд. |
| v |
|
Вып. 1 |
| f |
|
Ленинградский гос. ин-т культуры им. Н. К. Крупской, Кафедры хор. дирижирования и хороведения |
| 1 |
|
2101 |
| a |
|
Л. |
| c |
|
Музыка |
| d |
|
1975 - |
| 1 |
|
001UONB/NOTY/2b5ed6561eb548a68dfa2dda076c17f4 |
| 1 |
|
215 |
| d |
|
29 см |
| 464 |
Аналитический уровень |
_0 |
| 1 |
|
700 1 |
| a |
|
Дубравин |
| b |
|
Я. |
| 1 |
|
702 1 |
| a |
|
Генкин |
| b |
|
Д. |
| 4 |
|
520 |
| 1 |
|
2001 |
| a |
|
Песня студентов Института культуры |
| 1 |
|
036 |
| t |
|
Гул истории в этих стенах... |
| 464 |
Аналитический уровень |
_0 |
| 1 |
|
700 1 |
| a |
|
Колкер |
| b |
|
А. |
| 1 |
|
702 1 |
| a |
|
Рыжов |
| b |
|
К. |
| 4 |
|
520 |
| 1 |
|
2001 |
| a |
|
Моя Россия |
| 1 |
|
036 |
| t |
|
Спеть я хочу песню... |
| 464 |
Аналитический уровень |
_0 |
| 1 |
|
700 1 |
| a |
|
Афанасьев |
| b |
|
Л. |
| 1 |
|
702 1 |
| a |
|
Шаферан |
| b |
|
И. |
| 4 |
|
520 |
| 1 |
|
2001 |
| a |
|
Гляжу а озера синие |
| 1 |
|
036 |
| t |
|
Гляжу а озера синие... |
| 464 |
Аналитический уровень |
_0 |
| 1 |
|
700 1 |
| a |
|
Петров |
| b |
|
А. |
| 1 |
|
2001 |
| a |
|
Вальс из кинофильма "Берегись автомобиля" |
| 1 |
|
50010 |
| a |
|
Берегись автомобиля |
| i |
|
Вальс |
| 464 |
Аналитический уровень |
_0 |
| 1 |
|
700 1 |
| a |
|
Шамо |
| b |
|
И. |
| 1 |
|
702 1 |
| a |
|
Рыбчинский |
| b |
|
Ю. |
| 4 |
|
520 |
| 1 |
|
2001 |
| a |
|
Три совета |
| 1 |
|
036 |
| t |
|
Не губи прохлады тополиной... |
| 464 |
Аналитический уровень |
_0 |
| 1 |
|
700 1 |
| a |
|
Вальдес |
| b |
|
Х. |
| 1 |
|
702 1 |
| a |
|
Бернс |
| b |
|
Р. |
| 4 |
|
520 |
| 1 |
|
702 1 |
| a |
|
Маршак |
| b |
|
С. |
| 4 |
|
730 |
| 1 |
|
2001 |
| a |
|
Оггере |
| e |
|
кубинская колыбельная |
| 1 |
|
036 |
| t |
|
Звонят колокола, динь-динь-дон... |
| 464 |
Аналитический уровень |
_0 |
| 1 |
|
700 1 |
| a |
|
Котляревский |
| b |
|
Р. |
| 1 |
|
702 1 |
| a |
|
Маршак |
| b |
|
С. |
| 4 |
|
520 |
| 1 |
|
2001 |
| a |
|
Три смелых зверолова |
| e |
|
шуточная песня |
| 1 |
|
036 |
| t |
|
Три смелых зверолова |
| 464 |
Аналитический уровень |
_0 |
| 1 |
|
702 1 |
| a |
|
Грибков |
| b |
|
С. |
| 4 |
|
030 |
| 1 |
|
2001 |
| a |
|
Вологодские частушки |
| 1 |
|
036 |
| t |
|
А поиграй повеселее, венка угловатая... |
| 464 |
Аналитический уровень |
_0 |
| 1 |
|
700 1 |
| a |
|
Успенский |
| b |
|
В. |
| 1 |
|
701 1 |
| a |
|
Гарина |
| b |
|
Л. |
| 1 |
|
702 1 |
| a |
|
Олев |
| b |
|
Н. |
| 4 |
|
520 |
| 1 |
|
2001 |
| a |
|
Снега России |
| e |
|
песня из кф. "Миссия в Кабуле" |
| 1 |
|
036 |
| t |
|
Всех зим российских январи... |
| 1 |
|
50010 |
| a |
|
Миссия в Кабуле |
| i |
|
Снега России |
| 464 |
Аналитический уровень |
_0 |
| 1 |
|
700 1 |
| a |
|
Пахмутова |
| b |
|
А. |
| 1 |
|
702 1 |
| a |
|
Добронравов |
| b |
|
Н. |
| 4 |
|
520 |
| 1 |
|
2001 |
| a |
|
Герои спортаБудет небесам жарко!.. |
| 464 |
Аналитический уровень |
_0 |
| 1 |
|
700 1 |
| a |
|
Дунаевский |
| b |
|
И. |
| 1 |
|
702 1 |
| a |
|
Алымов |
| b |
|
С. |
| 4 |
|
520 |
| 1 |
|
2001 |
| a |
|
Под луной золотой |
| 1 |
|
036 |
| t |
|
Под луной золотой все живет для любви... |
| 464 |
Аналитический уровень |
_0 |
| 1 |
|
2001 |
| a |
|
Помню |
| e |
|
вокализ |
| e |
|
из цыг. напевов |
| 464 |
Аналитический уровень |
_0 |
| 1 |
|
700 1 |
| a |
|
Дворжак |
| b |
|
А. |
| 1 |
|
2001 |
| a |
|
Вокализ |
| 464 |
Аналитический уровень |
_0 |
| 1 |
|
700 1 |
| a |
|
Таривердиев |
| b |
|
М. |
| 1 |
|
702 1 |
| a |
|
Рождественский |
| b |
|
Р. |
| 4 |
|
520 |
| 1 |
|
2001 |
| a |
|
Песня о далекой родине |
| e |
|
из тф. "Семнадцать мгновений весны" |
| 1 |
|
036 |
| t |
|
Я прошу, хоть ненадолго... |
| 1 |
|
50010 |
| a |
|
Семнадцать мгновений весны |
| i |
|
Песня о далекой родине |
| 464 |
Аналитический уровень |
_0 |
| 1 |
|
700 1 |
| a |
|
Гамалия |
| b |
|
В. |
| 1 |
|
702 1 |
| a |
|
Рождественский |
| b |
|
Р. |
| 4 |
|
520 |
| 1 |
|
2001 |
| a |
|
Синева |
| 1 |
|
036 |
| t |
|
Синева, синева, синева упала с неба... |
| 464 |
Аналитический уровень |
_0 |
| 1 |
|
700 1 |
| a |
|
Шаинский |
| b |
|
В. |
| 1 |
|
702 1 |
| a |
|
Островой |
| b |
|
С. |
| 4 |
|
520 |
| 1 |
|
2001 |
| a |
|
Дрозды |
| 1 |
|
036 |
| t |
|
Вы слыхали, как поют дрозды?.. |
| 464 |
Аналитический уровень |
_0 |
| 1 |
|
700 1 |
| a |
|
Зацепин |
| b |
|
А. |
| 1 |
|
702 1 |
| a |
|
Дербенев |
| b |
|
Л. |
| 4 |
|
520 |
| 1 |
|
2001 |
| a |
|
Есть только миг |
| e |
|
песня из кф. "Земля Санникова" |
| 1 |
|
036 |
| t |
|
Призрачно все в этом мире бушующем... |
| 1 |
|
50010 |
| a |
|
Земля Санникова |
| i |
|
Есть только миг |
| 464 |
Аналитический уровень |
_0 |
| 1 |
|
702 1 |
| a |
|
Ильин |
| b |
|
В. |
| 4 |
|
030 |
| 1 |
|
2001 |
| a |
|
Час да по часу |
| e |
|
рус. нар. песня |
| 1 |
|
036 |
| t |
|
Час да по часу день проходит... |
| 512 |
Заглавие обложки |
1_ |
| a |
Заглавие обложки |
Поет самодеятельный вокальный ансамбль |
| 606 |
Тематические рубрики |
0_ |
| a |
Основная рубрика |
Ансамбли вокальные |
| x |
Основная подрубрика |
Ансамбли вокальные женские |
| x |
Основная подрубрика |
Ансамбли вокальные мужские |
| x |
Основная подрубрика |
Ансамбли вокальные смешанные |
| x |
Основная подрубрика |
Песни о России |
| x |
Основная подрубрика |
Лирические песни |
| x |
Основная подрубрика |
Народные песни |
| 610 |
Ключевые слова |
0_ |
| a |
Ключевые слова |
ансамбли вокальные; песни о России; песни о родине; массовые песни; лирические песни; песни из кинофильмов |
| 686 |
Индексы других классификаций |
__ |
| a |
Классификационный индекс |
85.942.2я43 |
| 702 |
Вторичная интеллектуальная ответственность |
_1 |
| a |
Фамилия |
Модель |
| b |
Имя (инициалы) |
В. Г. |
| 4 |
Код отношения |
220 |
| 801 |
Источник записи |
_0 |
| a |
Страна |
RU |
| b |
Организация |
Ульяновская ОНБ |
| c |
Дата составления |
20220712 |
| g |
Правила каталогизации |
RCR |
| 801 |
Источник записи |
_1 |
| a |
Страна |
RU |
| b |
Организация |
Ульяновская ОНБ |
| c |
Дата составления |
20220712 |
| g |
Правила каталогизации |
RCR |
| 901 |
Тип документа |
__ |
| t |
Тип документа |
n |
| w |
Контрольный № источника |
UONB/NOTY/2b5ed6561eb548a68dfa2dda076c17f4 |
| 909 |
Создатель записи |
__ |
| a |
Создатель записи |
Никитина Т. А. |